000 00221 a2200097 4500
001 40944
100 _aSyed M Mian
245 _aUlma-i-Hind Ka Shandar M
260 _aKarachi
_bMaqtaba Rashidia
_c
090 _c25187
_d25187
942 _aNUST-CAE
_cM
_c16877
999 _c276017
_d276017